Existence of equilibria in the presence of increasing returns. A synthesis.

Návrh syntézy dvoch teórií, ktoré sa vyskytujú v literatúre a ktoré sa týkajú existencie rovnováhy v ekonomikách s nekonvexnými produkčnými množinami. Podľa prvej teórie sa výrobca spravuje pravidlom okrajového oceňovania a podľa druhej teórie sa spravuje všeobecnými pravidlami oceňovania s viazanou...

Full description

Saved in:
Bibliographic Details
Main Author: Bonnisseau, J.-M
Format: Book Chapter
Language:English
Subjects:
Tags: Add Tag
No Tags, Be the first to tag this record!

MARC

LEADER 00000naa a2200000 4500
001 r010758
005 20221130113042.9
041 0 |a eng 
044 |a NL 
245 1 0 |a Existence of equilibria in the presence of increasing returns.  |b A synthesis.  |c J.-M. Bonnisseau 
520 |a Návrh syntézy dvoch teórií, ktoré sa vyskytujú v literatúre a ktoré sa týkajú existencie rovnováhy v ekonomikách s nekonvexnými produkčnými množinami. Podľa prvej teórie sa výrobca spravuje pravidlom okrajového oceňovania a podľa druhej teórie sa spravuje všeobecnými pravidlami oceňovania s viazanou stratou. Existencia rovnováhy krajového oceňovania sa dedukuje z existencie výsledku pre pravidlá oceňovania s viazanou stratou. 
610 2 0 |a rovnováha hospodárska 
610 2 0 |a teórie ekonomické 
610 2 0 |a oceňovanie 
610 2 0 |a výroba 
610 2 0 |a metódy ekonomicko-matematické 
100 1 |a Bonnisseau, J.-M.